[Event "IECC P email"]
[Site "IECC email"]
[Date "2001.06.02"]
[Round "?"]
[White "Senis, Enrico"]
[Black "Evans, John"]
[Result "1-0"]
[WhiteElo "1014"]
[BlackElo "1029"]
[PlyCount "45"]
[EventDate "2001.??.??"]
[EventType "tourn (corr)"]
[EventRounds "6"]
[SourceTitle "Corr 2008"]
[Source "ChessBase"]
[SourceDate "2008.06.24"]
[SourceVersion "1"]
[SourceVersionDate "2008.06.24"]
[SourceQuality "1"]

1. e4 e5 2. Nf3 Nc6 3. Bb5 Nf6 4. 0-0 b6 5. Re1 Bc5 6. c3 Bb7 7. d4 exd4 8. cxd4 Bb4 9. Nbd2 a6 10. Bc4 0-0 11. Qb3 Be7 12. e5 Ng4 13. h3 Na5 14. Qc3 Nh6 15. Bd3 f6 16. a3 fxe5 17. dxe5 Nf5 18. Qc2 g6 19. b4 Nc6 20. Qc3 Nh4 21. Nxh4 Bxb4 22. axb4 Qxh4 23. Ne4 1-0

[Event "IECC P email"]
[Site "IECC email"]
[Date "1999.11.16"]
[Round "?"]
[White "Evans, John"]
[Black "Goodloe, Philip"]
[Result "1-0"]
[WhiteElo "1000"]
[BlackElo "1389"]
[PlyCount "37"]
[EventDate "1999.??.??"]
[EventType "tourn (corr)"]
[EventRounds "6"]
[SourceTitle "Corr 2008"]
[Source "ChessBase"]
[SourceDate "2008.06.24"]
[SourceVersion "1"]
[SourceVersionDate "2008.06.24"]
[SourceQuality "1"]

1. e4 Nc6 2. Bb5 Nd4 3. Nc3 e5 4. Nf3 f6 5. b3 Bb4 6. Bb2 a6 7. Bc4 d6 8. Nd5 f5 9. Nxb4 fxe4 10. Nxd4 exd4 11. Bxd4 Qe7 12. Qh5+ g6 13. Qd5 Nh6 14. Bxh8 Rb8 15. 0-0 Nf5 16. Rae1 h5 17. Qg8+ Qf8 18. Rxe4+ Ne7 19. Bf7+ 1-0